000 00730nam a22002057a 4500
999 _c163000
_d163000
005 20190325152238.0
008 190325b ||||| |||| 00| 0 eng d
010 _aENG-124929
020 _c299.00
_a9789380200187
035 _aEN-108461
037 _bDBAD/PUB
040 _aDPL
_bEnglish
082 _a332.6322
100 _aChabria, Yogesh
245 _aInvest the happionaire way:
_bby Yogesh Chabria
_ccreate wealth through the indian stock markets in a fun, interesting and simple way/
260 _aNew Delhi
_bNetwork18 Publications
_c2017
270 _a507, Prabhat Kiran, 17, Rajendra Place,
_bNew Delhi
_e110 008
300 _a87p. :
_c22cm (pbk)
_bill.
942 _adpl
_cEN
_2ddc
_mCHA
_h332.6322